00326nam a2200109Ia 450000500170000000800410001710000190005824501000007726000140017730000110019165000140020220260328104313.0260328s9999||||xx |||||||||||||| ||und|| aDersin, Denise 0aWhat Life was Like in the lands of the prophet :b Islamic World AD 570 -1405 /cDenise Dersin bTime Life a144 p. aIslamICO